000 00257nam a2200097Ia 4500
001 707785
005 20250826162514.0
008 250824s9999 xx 000 0 und d
245 0 _aTÜRK TARİHİNİN ÖNCÜLERİ
_cİLHAMİ DURMUŞ
260 _bAKÇAĞ YAYINLARI
999 _c707785
_d707785